000 00259nam a2200121Ia 4500
100 _aHiggins/ L.R.
942 _cBK
654 _ahandbook
245 _aMaintenance Engg. handbook
260 _bMcGraw Hill
_aNew York
_c1995
546 _aENGLISH
999 _c25084
_d25084